000 00513nam a2200181Ia 4500
003 GCL
008 140319s9999 xx 000 0 ara d
040 _aGCL /
_cGCL
082 0 4 _a810.2
_bهـ هـ
100 1 _aهلال ناجى
245 1 0 _aهوامش تراثية /
_cهلال ناجى
300 _a152 ص
490 _a100 قصة
_v0
650 0 4 _aالشعر العربى - تاريخ ونقد
650 0 4 _aالكتب - فهارس
650 0 4 _aالادب العربى - فهارس
942 _2ddc
_cBK
999 _c45925
_d45925